Strategy and Business Policy

Enregistré dans:
Détails bibliographiques
Auteur principal: Smith, Garry
Autres auteurs: Arnold, Danny R., Bizzell, Bobby G.
Format: Livre
Langue:anglais
Publié: Boston Houghton Mifflin Company 1985
Édition:1. ed.
Tags: Ajouter un tag
Pas de tags, Soyez le premier à ajouter un tag!

MARC

LEADER 00000nam a2200000 4500
001 c037805
005 20221207072735.3
041 0 |a eng 
044 |a US 
245 1 0 |a Strategy and Business Policy  |c Garry Smith, Danny R. Arnold, Bobby G. Bizzell 
250 |a 1. ed. 
264 1 |a Boston  |b Houghton Mifflin Company  |c 1985 
300 |a 221 s. 
100 1 |a Smith, Garry 
700 1 |a Arnold, Danny R. 
700 1 |a Bizzell, Bobby G.